Name The Musical - Statistics

General Stats
  • This quiz has been taken 33 times
  • The average score is 7 of 15
Answer Stats
Hint Answer % Correct
John Travolta, Olivia Newton-John, Stockard Channing Grease
95%
Ryan Gosling, Emma Stone, Rosemarie DeWitt La la Land
90%
Natalie Wood, George Chakiris, Rita Moreno West Side Story
80%
Liza Minnelli, Michael York, Joel Grey Cabaret
75%
Olivia Newton John, Gene Kelly, Michael Beck Xanadu
55%
Howard Keel, Shirley Jones, Rod Steiger Oklahoma
50%
Rossani Brazzi, Mitzi Ganyor South Pacific
45%
Judy Garland, Margaret O'Brien, Mary Astor Meet Me In St Louis
40%
Shirley Jones, Gordon MacRae, Cameron Mitchell Carousel
35%
Judy Garland, Fred Astaire, Ann Miller Easter Parade
30%
Lucille Ball, Robert Preston, Bea Arthur Mame
30%
Robert Preston, Shirley Jones, Buddy Hackett The Music Man
30%
Jane Powell, Howard Keel, Russ Tamblyn Seven Brides For Seven Brothers
25%
Harry Belafonte, Dorothy Dandrige, Pearl Bailey Carmen Jones
20%
Leslie Parrish, Stubby Kaye, Peter Palmer L'il Abner
15%
No matching quizzes found
Score Distribution
Percent of People with Each Score
Percentile by Number Answered
Your Score History
You have not taken this quiz